Modern Virology / (Record no. 40296)

MARC details
000 -LEADER
fixed length control field 00707nam a22002057a 4500
005 - DATE AND TIME OF LATEST TRANSACTION
control field 2010080902082.0
010 ## - LCCN (DPL NO)
LC control number ENG-99131
020 ## - INTERNATIONAL STANDARD BOOK NUMBER
International Standard Book Number 9789380433110
Terms of availability 140.00
035 ## - SYSTEM CONTROL NUMBER
System control number EN-82663
037 ## - SOURCE OF ACQUISITION
Source of stock number/acquisition DBAD/PUB
082 ## - DEWEY DECIMAL CLASSIFICATION NUMBER
Classification number 616.9101
100 ## - MAIN ENTRY--PERSONAL NAME
Personal name Kannahi,M
245 ## - TITLE STATEMENT
Title Modern Virology /
Statement of responsibility, etc By M Kannahi
260 ## - PUBLICATION, DISTRIBUTION, ETC. (IMPRINT)
Place of publication, distribution, etc Thanjavur
Name of publisher, distributor, etc Nalankilli Pathippagam
Date of publication, distribution, etc 2009
270 ## - ADDRESS
Address 1271, Sulthanjiappa Lane South Rampart
City Thanjavur
Postal code 613001
300 ## - PHYSICAL DESCRIPTION
Extent 167p
Dimensions 21cm(pbk)
500 ## - GENERAL NOTE
General note Includes references
942 ## - ADDED ENTRY ELEMENTS (KOHA)
Source of classification or shelving scheme Dewey Decimal Classification
Item type English Books
Classification part 616.9101
Call number suffix KAN
Holdings
Withdrawn status Lost status Not for loan Collection code Home library Current library Date acquired Source of acquisition Cost, normal purchase price Full call number Barcode Copy number Cost, replacement price Koha item type
    Not For Loan Non-fiction D.B.Act.Division D.B.Act.Division 09/08/2010 DBAD/PUB 140.00 616.9101 KAN EN-82663 1 140.00 English Books

© Delhi Public Library
Hit Counter
free hit counter